| 000 | 005890000a22001930004500 | ||
|---|---|---|---|
| 999 |
_c60094 _d60094 |
||
| 001 | 768714001 | ||
| 003 | CO-MdFUSB | ||
| 005 | 20170725153243.0 | ||
| 008 | 170725s1995 ag ||||| |||| 00| 0 spa d | ||
| 022 | _aCO-MdFUSB | ||
| 040 |
_a0122-2996 _bspa _cCO-MdFUSB _dCO-MdFUSB |
||
| 041 | _aspa | ||
| 100 | 1 |
_aRichard, Pablo _eautor |
|
| 245 | 1 | 0 | _aLectura de la Biblia |
| 300 |
_aVolumen 27. Número 58 (1995), Páginas 79-88 _c22 cm. |
||
| 546 | _aTexto en español | ||
| 773 | 0 |
_tBoletín Teológico _049507 _961447 _gVolumen 27. Número 58 (1995), Páginas 79-88 _qPágina 79 |
|
| 942 | _cANA | ||